Désignation et investidure de l'empereur romain
Gespeichert in:
| 1. Verfasser: | |
|---|---|
| Format: | Buch |
| Sprache: | Französisch |
| Veröffentlicht: |
París
Sirey
1963
|
| Schriftenreihe: | Publications de l'Institut de Droit Romain de l'Universitè de Paris, 21
|
| Schlagworte: | |
| Tags: |
Tag hinzufügen
Keine Tags, Fügen Sie den ersten Tag hinzu!
|
MARC
| LEADER | 00000nam a2200000 a 4500 | ||
|---|---|---|---|
| 001 | UCR0927 | ||
| 003 | CL-VaPUC | ||
| 008 | 971205e19630000FR |||||||||||||||||fre|d | ||
| 082 | 0 | 4 | |a 937.06 |b PAR |2 21 |
| 100 | |a Parsi, Blanche |e auteur |9 397563 | ||
| 245 | 1 | 0 | |a Désignation et investidure de l'empereur romain |
| 300 | |a 224 p | ||
| 942 | |c BK | ||
| 945 | |d 19971205 00:00:00 |a aolguin | ||
| 260 | |a París |b Sirey |c 1963 | ||
| 650 | 0 | |a Imperio Romano |9 322785 | |
| 650 | 7 | |a DESIGNACIONES |2 CL-VaPUC |9 397564 | |
| 650 | 7 | |a INVESTIDURAS |2 CL-VaPUC |9 397565 | |
| 650 | 7 | |a PRINCIPADO |2 CL-VaPUC |9 397566 | |
| 650 | 0 | |a Adopción romana |z Roma imperial |9 397567 | |
| 650 | 0 | |a Derecho romano |9 255930 | |
| 583 | |a last modification |c 19971205 00:00:00 |k Rodrigo Vera | ||
| 490 | 0 | |a Publications de l'Institut de Droit Romain de l'Universitè de Paris, 21 | |
| 999 | |c 264425 |d 264423 | ||
| 952 | |0 0 |1 0 |4 0 |6 937_060000000000000_PAR_1963 |7 0 |8 DER_ROM |9 294701 |a BIBDER |b BIBDER |d 2019-11-19 |i 189854K |o 937.06 PAR 1963 |p 189854K |r 2023-01-25 |w 2019-11-19 |x Ubicación 4to piso |y BK |z Este recurso debe solicitarse con anticipación |k DER | ||